Управление персоналом. Практикум: учебное пособие

書誌詳細
第一著者: Базаров Т. Ю. Тахир Юсупович
要約:В основу пособия заложены такие принципы, как методичность и психологичность. Каждая тема содержит теоретическую и практическую части. В теоретической части раскрывается концепция, в практической содержатся практические задания, методические приложения для преподавателя, контрольные вопросы. Методический аппарат практикума выстроен так, чтобы у читателя была возможность испытать себя в разнообразных видах деятельности, возможность почувствовать себя и теоретиком, и практиком. Для студентов вузов, обучающихся по специальностям «Управление персоналом», «Менеджмент предприятия», а также для специалистов в области управления персоналом.
言語:ロシア語
出版事項: Москва, ЮНИТИ, 2010
主題:
フォーマット: 図書
KOHA link:https://koha.lib.tpu.ru/cgi-bin/koha/opac-detail.pl?biblionumber=184982

MARC

LEADER 00000nam0a2200000 4500
001 184982
005 20231101223902.0
010 |a 9785238015002 
035 |a (RuTPU)RU\TPU\book\200618 
035 |a RU\TPU\book\162309 
090 |a 184982 
100 |a 20081219d2010 m y0rusy50 ca 
101 0 |a rus 
102 |a RU 
105 |a a j 001zy 
200 1 |a Управление персоналом. Практикум  |e учебное пособие  |f Т. Ю. Базаров 
210 |a Москва  |c ЮНИТИ  |d 2010 
215 |a 239 с.  |c ил. 
320 |a Библиографический список: с. 237-238. 
330 |a В основу пособия заложены такие принципы, как методичность и психологичность. Каждая тема содержит теоретическую и практическую части. В теоретической части раскрывается концепция, в практической содержатся практические задания, методические приложения для преподавателя, контрольные вопросы. Методический аппарат практикума выстроен так, чтобы у читателя была возможность испытать себя в разнообразных видах деятельности, возможность почувствовать себя и теоретиком, и практиком. Для студентов вузов, обучающихся по специальностям «Управление персоналом», «Менеджмент предприятия», а также для специалистов в области управления персоналом. 
606 1 |a Кадры  |x Управление  |2 stltpush  |3 (RuTPU)RU\TPU\subj\13468  |9 40073 
610 1 |a экономика 
610 1 |a труд 
610 1 |a персонал 
610 1 |a кадровый состав 
610 1 |a работоспособность 
610 1 |a мотивации 
610 1 |a карьера 
610 1 |a конфликты 
610 1 |a стимулирование 
610 1 |a кадровый резерв 
610 1 |a командообразование 
610 1 |a реформирование 
610 1 |a учебные пособия 
686 |a У9(2)240я73  |v LBC/SL-A  |2 rubbk 
700 1 |a Базаров  |b Т. Ю.  |g Тахир Юсупович 
801 1 |a RU  |b 63413507  |c 20100928 
801 2 |a RU  |b 63413507  |c 20150731  |g RCR 
942 |c BK 
959 |a 64/20100927  |d 2  |e 150,00  |f АНЛ:1  |f ЧЗГЛ:1